=LDR 00000nam 2200000 4500 =001 INLIS000000000059100 =005 20211025081651 =035 ##$$a 0010-1021000548 =007 ta =008 211025###########################0#ind## =020 ##$$a 978-979-769-316-9 =082 ##$$a 338 =084 ##$$a 338 Sya q =245 1#$$a Qua Vadis Kawasan Ekonomi Khusus ( KEK ) /$c Syarif Hidayat =300 ##$$a 215 halaman : $b ilustrasi ; $c 22 cm =650 #4$$a Industri ( Aspek Ekonomis ) =264 ##$$a Jakarta :$b Rajawali Press,$c 2010 =336 ##$$a teks$2 rdacontent =337 ##$$a lain-lain$2 rdamedia =338 ##$$a lain-lain$2 rdacarrier =990 ##$$a 23372337